Mascotte ufficiali dei Mondiali - Statistics

Statistiche generali
  • Questo quiz è stato fatto 3 volte
  • Il punteggio medio è 11 su 15
Statistiche sulle risposte
con Immagini Risposta % Corretto
Ciao
100%
Footix
100%
Fuleco
100%
Gauchito
100%
Juanito
100%
Zabivaka
100%
Zakumi
100%
Ato, Kaz e Nik
67%
Goleo VI e Pille
67%
La'eeb
67%
Tip e Tap
67%
Willie
67%
Naranjito
33%
Striker
33%
Pique
0%
Nessun quiz corrispondente trovato
Distribuzione punteggi
Percentuale di utenti per punteggio
Percentile per numero di risposta
I tuoi punteggi nel tempo
Non hai fatto questo quiz